Score 0/40 Timer 08:00
0 Plays Today
Position Twitter user % Correct
3rd@BarackObama
71.4%
6th@ladygaga
58.9%
1st@katyperry
55.4%
2nd@justinbieber
51.8%
4th@taylorswift13
50%
16th@KimKardashian
50%
9th@rihanna
48.2%
35th@mileyraycyrus
35.7%
10th@TheEllenShow
28.6%
7th@britneyspears
26.8%
24th@onedirection
26.8%
17th@OprahWinfrey
23.2%
40th@kingjames
23.2%
21st@Harry_Styles
21.4%
8th@jtimberlake
19.6%
18th@ddlovato
19.6%
34th@Eminem
19.6%
13th@Cristiano
17.9%
22nd@ArianaGrande
17.9%
15th@shakira
16.1%
Position Twitter user % Correct
31st@Drake
16.1%
36th@Real_Liam_Payne
14.3%
27th@NiallOfficial
12.5%
28th@liltunechi
12.5%
33rd@jimmyfallon
12.5%
12th@Twitter
10.7%
14th@JLo
10.7%
30th@BrunoMars
10.7%
5th@Youtube
8.9%
11th@instagram
8.9%
39th@Louis_Tomlinson
8.9%
37th@Pitbull
8.9%
26th@OfficialAdele
7.1%
32nd@BillGates
7.1%
20th@Pink
5.4%
38th@NickiMinaj
5.4%
23rd@cnnbrk
3.6%
19th@selenagomez
1.8%
25th@KAKA
1.8%
29th@AliciaKeys
1.8%
Remove Ads.
Support Sporcle.
Get the best of Sporcle when you Go Orange. This ad-free experience offers more features, more stats, and more fun while also helping to support Sporcle. Thank you for becoming a member.

You're not logged in!

Compare scores with friends on all Sporcle quizzes.
OR
Log In

Show Comments

Extras

Created Dec 30, 2014ReportNominate
Tags:Followed, Twitter, User

Top Quizzes Today


Score Distribution

Your Account Isn't Verified!

In order to create a playlist on Sporcle, you need to verify the email address you used during registration. Go to your Sporcle Settings to finish the process.

Report this User

Report this user for behavior that violates our Community Guidelines.

Details: